| 000 | 00560nam a22002057a 4500 | ||
|---|---|---|---|
| 999 |
_c1651 _d1651 |
||
| 003 | AR-CdUCM | ||
| 008 | 190227b ||||| |||| 00| 0 spa d | ||
| 020 | _a8449968666 | ||
| 040 |
_aMUNICIPALIDAD PROVINCIAL DEL CUSCO _cBIBLIOTECA MUNICIPAL DEL CUSCO |
||
| 082 |
_a818.5 / _bB41 |
||
| 100 |
_aBellow, Saul _96147 |
||
| 245 | _aHerzog / | ||
| 260 |
_aEspaña : _bBarcelona, _c1965. |
||
| 300 |
_a399 páginas ; _c20 cm. |
||
| 650 |
_aSiglo XX _98 |
||
| 650 |
_aNovela _95 |
||
| 650 |
_aMoses Herzog _96148 |
||
| 942 |
_2ddc _cLIBROS |
||
| 945 |
_aafb _d2019-02-27 |
||